Francais qui ont gagné la CDM de foot - Statistiques

Statistiques générales
  • Ce quiz a été pris 444 fois
  • Le résultat moyen est 24 sur 45
Statistiques - réponses
Réponse % Correct
Mbappé
97%
Lloris
93%
Zidane
91%
Giroud
88%
Griezmann
88%
Pogba
84%
Varane
83%
Kanté
82%
Pavard
79%
Hernandez
78%
Mandanda
77%
Areola
74%
Barthez
71%
Umtiti
71%
Dembélé
69%
Deschamps
69%
Rami
69%
Henry
67%
Petit
60%
Blanc
59%
Thuram
59%
Lizarazu
53%
Matuidi
53%
Desailly
50%
Nzonzi
49%
Thauvin
49%
Fekir
45%
Trezeguet
45%
Kimpembe
44%
Mendy
42%
Tolisso
41%
Sidibé
37%
Djorkaeff
33%
Lama
33%
Vieira
31%
Leboeuf
30%
Lemar
29%
Dugarry
27%
Guivarc'h
26%
Karembeu
24%
Pirès
24%
Charbonnier
16%
Boghossian
12%
Candela
12%
Diomède
9%
Aucun quiz correspondant
Distribution des résultats
% des personnes avec chaque résultat
Percentile par nombre de réponses
Votre historique - résultats
Vous n’avez pas pris ce quiz